000 00645nam a2200217Ii 4500
001 12170
003 CO-ViMGA
008 241108s9999||||xx |||||||||||||| ||und||
020 _a9583000272
040 _aCO-ViMGA
_bspa
_erda
_cCO-ViMGA
041 0 _aunk
082 0 4 _a796.342 P434t
100 1 _aTucídides Perea Rosero
245 1 0 _aReglamento de Tenis de mesa
264 1 _a[Lugar de publicación no identificado] : Panamericana Editorial, 2000
300 _avolumen
336 _atext
_btxt
_2rdacontent
337 _aunmediated
_bn
_2rdamedia
338 _avolume
_bnc
_2rdacarrier
940 _aidficha_siabuc: 11880. -- ficha_no_siabuc:12170
999 _c55473
_d55473